[Event "World Rapid 2017"]
[Site "Riyadh KSA"]
[Date "2017.12.26"]
[Round "1.27"]
[White "Short, Nigel D"]
[Black "Halkias, Stelios"]
[Result "1/2-1/2"]
[WhiteTitle "GM"]
[BlackTitle "GM"]
[WhiteElo "2678"]
[BlackElo "2571"]
[WhiteFideId "400025"]
[BlackFideId "4201809"]
[EventDate "2017.12.26"]

1. c4 c5 2. Nf3 Nc6 3. Nc3 g6 4. e3 Bg7 5. d4 d6 6. h3 e6 7. Be2 Nge7 8. O-O O-O
9. d5 exd5 10. cxd5 Ne5 11. Ne1 f5 12. a4 Bd7 13. f4 Nf7 14. Nf3 a6 15. Bd2 Kh8
16. a5 b5 17. axb6 Qxb6 18. Ra2 Bb5 19. Re1 Qb7 20. Qb3 Rab8 21. Bc4 Kg8 22. e4
Bxc3 23. bxc3 Bxc4 24. Qxc4 fxe4 25. Qxe4 Nxd5 26. f5 gxf5 27. Qxf5 Ne5 28. Qg5+
Ng6 29. Nh4 Ne7 30. c4 Rf7 31. Bc3 Rbf8 32. Rae2 Qd7 33. Re6 Rf1+ 34. Kh2 Rxe1
35. Rxg6+ Nxg6 36. Nxg6 Rff1 37. Nf4+ Kf8 38. Qf6+ Qf7 39. Qxd6+ Kg8 40. Qd8+
Re8 41. Qg5+ Kf8 42. Qh6+ Kg8 43. Qg5+ Kf8 44. Qxc5+ Qe7 45. Qf5+ Kg8 46. Qg4+
Kf8 47. Qf5+ Kg8 48. Qd3 Rxf4 49. Qg3+ Kf8 50. Qxf4+ Qf7 51. Qg3 Qg6 52. Qf4+
Kg8 53. Qd4 Re7 54. c5 Re2 55. Qd8+ Re8 56. Qd5+ Qe6 57. Qd4 Qg6 58. c6 Rc8 59.
Qc4+ Kf8 60. Qc5+ Ke8 61. Qe5+ Kf7 62. c7 Qe6 63. Qg7+ Ke8 64. Be5 a5 65. Qh8+
Kd7 66. Qxh7+ Kc6 67. Qe4+ Qd5 68. Qf5 Kb7 69. Qb1+ Kc6 70. Qc2+ Qc5 71. Qg6+
Kb7 72. Qe4+ Qc6 73. Qb1+ Ka6 74. Qd3+ Kb7 75. Qb3+ Ka6 76. h4 Qe4 77. Bg3 a4
78. Qc3 Qd5 79. Qb4 Qc6 80. h5 Rxc7 81. Bxc7 Qxc7+ 82. Kh3 Qc6 83. g4 Qf3+ 84.
Kh4 a3 85. Qa4+ Kb6 86. Qd4+ Kb5 87. h6 Qh1+ 88. Kg5 Qc1+ 89. Kh5 Qh1+ 90. Kg6
Qb1+ 91. Kg7 a2 92. Qd5+ Kb6 93. Qd6+ Kb5 94. Qd5+ Kb4 95. Qd4+ 1/2-1/2

[Event "World Rapid 2017"]
[Site "Riyadh KSA"]
[Date "2017.12.26"]
[Round "1.28"]
[White "Grigoriants, Sergey"]
[Black "Amonatov, Farrukh"]
[Result "0-1"]
[WhiteTitle "GM"]
[BlackTitle "GM"]
[WhiteElo "2561"]
[BlackElo "2636"]
[WhiteFideId "4130804"]
[BlackFideId "14700077"]
[EventDate "2017.12.26"]

1. e4 c5 2. Nf3 d6 3. d4 cxd4 4. Nxd4 Nf6 5. Nc3 a6 6. Be3 e5 7. Nf3 Qc7 8. Be2
Be7 9. a4 O-O 10. O-O h6 11. a5 Be6 12. h3 Nbd7 13. Nh2 Qc6 14. Bf3 b5 15. axb6
Nxb6 16. Ng4 Nc4 17. Bc1 Nb6 18. Re1 a5 19. Ne3 Rfe8 20. Ncd5 Bxd5 21. exd5 Qb7
22. c4 Bf8 23. Ra3 g6 24. Be2 Bg7 25. Ng4 Nxg4 26. hxg4 Nd7 27. Rb3 Qc7 28. Be3
e4 29. Qd2 Kh7 30. Rb5 a4 31. Ra1 Nc5 32. Ra3 Qe7 33. Qb4 Rec8 34. Rb6 Be5 35.
g3 Qd7 36. Kg2 Rc7 37. Qd2 Rb7 38. Rb5 Bg7 39. Qc2 Nd3 40. Rxa4 Ne1+ 0-1

[Event "World Rapid 2017"]
[Site "Riyadh KSA"]
[Date "2017.12.26"]
[Round "1.29"]
[White "Zhigalko, Sergei"]
[Black "Tregubov, Pavel V."]
[Result "1-0"]
[WhiteTitle "GM"]
[BlackTitle "GM"]
[WhiteElo "2641"]
[BlackElo "2575"]
[WhiteFideId "13502956"]
[BlackFideId "4115341"]
[EventDate "2017.12.26"]

1. e4 c5 2. Nf3 e6 3. c3 d5 4. e5 Nc6 5. d4 Qb6 6. a3 Bd7 7. b4 cxd4 8. cxd4 Rc8
9. Bb2 Nh6 10. Nc3 Na5 11. Na4 Qc6 12. Nc5 Nc4 13. Bc1 Nf5 14. Bd3 Bxc5 15. dxc5
b6 16. Bxf5 exf5 17. cxb6 Nxe5 18. O-O Nxf3+ 19. Qxf3 axb6 20. Re1+ Be6 21. Bb2
O-O 22. Qg3 f6 23. Rac1 Qd7 24. Rxc8 Rxc8 25. h3 Kh8 26. Qe3 Rc6 27. Bd4 h6 28.
b5 Rc4 29. Qxe6 Qxe6 30. Rxe6 Rxd4 31. Rxb6 Rd1+ 32. Kh2 Ra1 33. Ra6 d4 34. b6
Kh7 35. Ra4 d3 36. b7 Rb1 37. Rb4 Rxb4 38. axb4 d2 39. b8=Q d1=Q 40. b5 Qd4 41.
b6 Qxf2 42. b7 f4 43. Qe8 Qg3+ 44. Kh1 f3 45. Qe4+ g6 46. Qxf3 Qe1+ 47. Kh2 Qb4
48. Qc6 Qf4+ 49. g3 Qf2+ 50. Qg2 Qb6 51. h4 h5 52. Qf3 Kg7 53. Kg2 Kf7 54. Qd5+
Ke7 55. Kf3 Qc7 56. Qb3 Qb8 57. Qe3+ Kd7 58. Qb6 Ke7 59. Qc6 Kd8 60. Qxf6+ Kd7
61. Qf7+ Kc6 62. Qxg6+ Kc5 63. Qxh5+ 1-0

[Event "World Rapid 2017"]
[Site "Riyadh KSA"]
[Date "2017.12.26"]
[Round "1.30"]
[White "Malakhatko, Vadim"]
[Black "Bacrot, Etienne"]
[Result "1/2-1/2"]
[WhiteTitle "GM"]
[BlackTitle "GM"]
[WhiteElo "2542"]
[BlackElo "2725"]
[WhiteFideId "14104202"]
[BlackFideId "605506"]
[EventDate "2017.12.26"]

1. c4 e6 2. g3 d5 3. Bg2 Nf6 4. Nf3 Be7 5. O-O O-O 6. d4 dxc4 7. Ne5 Nc6 8. Nxc6
bxc6 9. Na3 Bxa3 10. bxa3 Ba6 11. Qd2 Rb8 12. Qa5 Rb6 13. a4 Qd6 14. e4 Qb4 15.
Qxb4 Rxb4 16. Ba3 Rxa4 17. Bxf8 Kxf8 18. Rfc1 Ra3 19. Bf1 Nxe4 20. Bxc4 Ke7 21.
Bxa6 Rxa6 22. a4 c5 23. dxc5 Ra5 24. Rab1 Rxa4 25. Rb7 Kd7 26. c6+ Kd6 27. Rb8
Nf6 28. Rd1+ Ke7 29. Rdd8 Ra6 30. Rdc8 Rxc6 31. Rb7 Nd5 32. Rxa7 h5 33. h4 Kf6
34. Ra3 Rc2 35. Rf8 Kg6 36. Rf3 f6 37. Re8 Kf7 38. Rd8 c5 39. Ra3 c4 40. Ra7+
Kg6 41. Rg8 c3 42. Kg2 Ne3+ 43. Kf3 Nf5 44. Rc7 Rc1 45. Kg2 c2 46. Rd8 e5 47.
Rg8 Kh7 48. Rf8 Kh6 49. Rh8+ Kg6 50. Rg8 Kh7 51. Rf8 Nd4 52. Rff7 Ne6 53. Rc8
Kg6 54. Rd7 Rd1 55. Re7 Nd4 56. Rec7 Rc1 57. Rg8 Kf5 58. Rgc8 g5 59. hxg5 fxg5
60. Rc3 g4 61. Rf8+ Ke6 62. Re8+ Kd6 63. Rd8+ Ke7 64. Rdc8 Kf6 65. Rf8+ Ke6 66.
Re8+ Kf5 67. Rec8 Ke4 68. Re3+ Kd5 69. Rd8+ Kc4 70. Rc8+ Kb4 71. Rb8+ Kc5 72.
Rc8+ Kd6 73. Rec3 Nf3 74. Rxf3 gxf3+ 75. Kxf3 Kd5 76. Ke2 Ke4 77. Rc4+ Kf5 78.
Kf3 Ke6 79. Rc8 Kd7 80. Rc4 Kd6 81. Rc8 Kd5 82. Ke2 Ke6 83. Kf3 Kf6 84. Rc6+ Kg5
85. Rc4 Kf5 86. Rc5 Ke6 87. Rc8 e4+ 88. Kg2 Ke5 89. Re8+ Kd4 90. Rd8+ Kc4 91.
Rc8+ Kd3 92. Rd8+ Ke2 93. Rc8 Ke1 94. Rc7 Kd1 95. Rd7+ Ke2 96. Rc7 Kd3 97. Rd7+
Kc3 98. Rc7+ Kd4 99. Rd7+ Ke5 100. Rc7 Kd5 101. Rc8 Kd6 102. Rc3 Ke6 103. Rc5
Kf6 104. Rc3 Ke6 105. Rc5 Kd6 106. Rc8 Kd5 107. Rd8+ Kc6 108. Rc8+ Kd6 109. Rc3
Ke5 1/2-1/2

[Event "World Rapid 2017"]
[Site "Riyadh KSA"]
[Date "2017.12.26"]
[Round "1.31"]
[White "Meier, Georg"]
[Black "Bosiocic, Marin"]
[Result "1/2-1/2"]
[WhiteTitle "GM"]
[BlackTitle "GM"]
[WhiteElo "2650"]
[BlackElo "2624"]
[WhiteFideId "4675789"]
[BlackFideId "14507927"]
[EventDate "2017.12.26"]

1. Nf3 d5 2. g3 Nc6 3. d4 Bf5 4. Bg2 Nb4 5. Na3 e6 6. O-O h6 7. c3 Nc6 8. Qa4
Bd6 9. Ne5 Bxe5 10. dxe5 Ne7 11. f4 O-O 12. Be3 Nc8 13. Qd1 Nb6 14. Qe1 f6 15.
exf6 Qxf6 16. Rd1 Qg6 17. b3 Be4 18. Bf3 e5 19. Qd2 Rad8 20. fxe5 Nxe5 21. Bxe4
Qxe4 22. Rxf8+ Kxf8 23. Nb5 c6 24. Bc5+ Kg8 25. Nd6 Qg6 26. Nxb7 Re8 27. Bd4 Ng4
28. Rf1 Nxh2 29. Kxh2 Qh5+ 30. Kg1 Rxe2 31. Qxe2 Qxe2 32. Rf2 Qg4 33. Kg2 Qe4+
34. Kg1 Qe7 35. Nc5 Nd7 36. Nxd7 Qxd7 37. b4 a6 38. a4 Qg4 39. Kh2 h5 40. a5 h4
41. gxh4 Qxh4+ 42. Kg2 g5 43. Rf6 g4 44. Rxc6 Qh3+ 45. Kf2 g3+ 46. Ke2 Kf7 47.
Rf6+ Ke7 48. Rxa6 Qg2+ 49. Ke1 Qe4+ 50. Kd2 g2 51. Ra7+ Kf8 52. Ra8+ Kf7 53.
Ra7+ Kf8 54. Ra8+ Kf7 55. Ra7+ Kf8 56. Ra8+ Kf7 57. Ra7+ 1/2-1/2

[Event "World Rapid 2017"]
[Site "Riyadh KSA"]
[Date "2017.12.26"]
[Round "1.32"]
[White "Ibrahimov, Rasul"]
[Black "Wang, Yue"]
[Result "0-1"]
[WhiteTitle "GM"]
[BlackTitle "GM"]
[WhiteElo "2518"]
[BlackElo "2690"]
[WhiteFideId "13400495"]
[BlackFideId "8601429"]
[EventDate "2017.12.26"]

1. Nf3 d5 2. c4 e6 3. d4 Nf6 4. g3 dxc4 5. Qa4+ c6 6. Qxc4 b5 7. Qb3 Bb7 8. Bg2
Nbd7 9. O-O a6 10. a4 c5 11. axb5 axb5 12. Rxa8 Qxa8 13. dxc5 Bxc5 14. Qxb5 O-O
15. Nc3 Bc6 16. Ne1 Bxb5 17. Bxa8 Bxe2 18. Nxe2 Rxa8 19. Nd3 Bb6 20. Nc3 h6 21.
Kg2 Nc5 22. Rd1 Nce4 23. Nxe4 Nxe4 24. Kf3 Nf6 25. Be3 Bxe3 26. Kxe3 Rb8 27. Ke2
Nd5 28. Rc1 g5 29. h3 Kg7 30. Rc4 h5 31. h4 g4 32. b4 Ra8 33. Rc2 Kf6 34. Rb2
Rb8 35. Kd2 Rb5 36. Rc2 Rb6 37. Rc4 Ra6 38. Nf4 Ra2+ 39. Rc2 Rxc2+ 40. Kxc2
Nxb4+ 41. Kd2 e5 42. Ne2 Ke6 43. Nc3 f5 44. Ke2 Nd5 45. Nb5 Kd7 46. Na3 Nb6 47.
Nc2 Ke6 48. Kd3 Nd7 49. Ke2 Nc5 50. Nb4 f4 51. f3 Kf5 52. Nd5 gxf3+ 53. Kxf3 e4+
54. Kg2 Nd3 55. Ne7+ 0-1

[Event "World Rapid 2017"]
[Site "Riyadh KSA"]
[Date "2017.12.26"]
[Round "1.33"]
[White "McShane, Luke J"]
[Black "Khenkin, Igor"]
[Result "1-0"]
[WhiteTitle "GM"]
[BlackTitle "GM"]
[WhiteElo "2640"]
[BlackElo "2554"]
[WhiteFideId "404853"]
[BlackFideId "4659600"]
[EventDate "2017.12.26"]

1. e4 c6 2. d4 d5 3. e5 c5 4. dxc5 e6 5. Nf3 Bxc5 6. Bd3 Nc6 7. O-O f6 8. Qe2
fxe5 9. Nxe5 Nxe5 10. Qxe5 Nf6 11. Nd2 O-O 12. Nf3 Bd6 13. Qe2 Qc7 14. Re1 e5
15. Nxe5 Re8 16. Bf4 Ng4 17. Bxh7+ Kxh7 18. Qd3+ Kg8 19. Nxg4 Rxe1+ 20. Rxe1
Bxf4 21. Nf6+ Kf7 22. Nxd5 Bxh2+ 23. Kh1 Qd6 24. Qf3+ Kg8 25. Re8+ Kh7 26. Qh5+
Qh6 27. Nf6+ gxf6 28. Re7+ 1-0

[Event "World Rapid 2017"]
[Site "Riyadh KSA"]
[Date "2017.12.26"]
[Round "1.34"]
[White "Sanal, Vahap"]
[Black "Malakhov, Vladimir"]
[Result "1-0"]
[WhiteTitle "GM"]
[BlackTitle "GM"]
[WhiteElo "2551"]
[BlackElo "2686"]
[WhiteFideId "6300545"]
[BlackFideId "4120787"]
[EventDate "2017.12.26"]

1. e4 e5 2. Nf3 Nc6 3. Bb5 Nf6 4. d3 Bc5 5. Bxc6 dxc6 6. b3 Bd6 7. Bb2 Nd7 8.
Nbd2 O-O 9. O-O c5 10. Nc4 Re8 11. h3 b5 12. Ne3 Nf8 13. a4 b4 14. Nd2 Ne6 15.
Ndc4 Nd4 16. Bxd4 cxd4 17. Nf5 Bf8 18. f4 exf4 19. Rxf4 g6 20. Ng3 Be6 21. Rf3
Bxc4 22. bxc4 Qd7 23. Qd2 Bd6 24. Ne2 Re5 25. Kh1 Ra5 26. Raf1 Rf8 27. Nxd4 Rxa4
28. Nf5 f6 29. Nxd6 Qxd6 30. Qe3 Ra5 31. Qf2 Ra2 32. d4 Qe6 33. e5 f5 34. Qe2
Re8 35. Re3 c6 36. Rd1 f4 37. Rb3 a5 38. Re1 Qf5 39. Rd3 b3 40. Rxb3 Rxc2 41.
Qf1 Rd2 42. Qf3 Rxd4 43. Qxc6 Qe6 44. Qxe6+ Rxe6 45. Ra3 Rxc4 46. Rxa5 Kg7 47.
Ra7+ Kh6 48. Ra5 Rd4 49. Kg1 Kg5 50. Kf2 h5 51. Re2 Rd3 52. Rb5 Kh4 53. Rb4 g5
54. Rbe4 Rb3 55. Re1 Rb2+ 56. Kf3 Rc6 57. g3+ Kxh3 58. Rh1+ Rh2 59. Rxh2+ Kxh2
60. Re2+ Kh3 61. gxf4 g4+ 62. Ke4 g3 63. f5 g2 64. Re1 Kh2 65. f6 Rc4+ 66. Kf5
Rc2 67. e6 g1=Q 68. Rxg1 Kxg1 69. e7 Re2 70. f7 Rxe7 71. f8=Q Re2 72. Qc5+ Kg2
73. Qc6+ Kg3 74. Qc3+ Kg2 75. Qd3 Rf2+ 76. Kg5 Rf3 77. Qe2+ Kg3 78. Qe4 Kf2 79.
Qe5 Rh3 80. Qb2+ Kg1 81. Qc1+ Kg2 82. Qd2+ Kg1 83. Qe1+ Kg2 84. Qe2+ Kg1 85. Kf4
h4 86. Kg4 Rh2 87. Qd1+ Kf2 88. Qd2+ Kg1 89. Qd6 Kg2 90. Qc7 Kg1 91. Qe5 Kg2 92.
Qe1 Rh1 93. Qd2+ Kf1 94. Qb2 Kg1 95. Qe2 Rh2 96. Qe3+ Kf1 97. Qe6 Kf2 98. Kf4
Kf1 99. Qd6 Kg1 100. Kf3 Rf2+ 101. Ke3 Rg2 102. Qd1+ Kh2 103. Qh5 h3 104. Qh4
Ra2 105. Qf4+ Kh1 106. Qf1+ Kh2 107. Qc1 Kg2 108. Qc6+ Kg1 109. Qg6+ Rg2 110.
Qb1+ Kh2 111. Kf3 Rf2+ 112. Ke3 Rf3+ 113. Ke4 Rf2 114. Qd1 Kg2 115. Qg4+ Kh2
116. Ke3 Rg2 117. Qh4 Ra2 118. Qh8 Kg1 119. Qg7+ Kh1 120. Qb7+ Kh2 121. Qb8+ Kg2
122. Qg8+ 1-0

[Event "World Rapid 2017"]
[Site "Riyadh KSA"]
[Date "2017.12.26"]
[Round "1.35"]
[White "Melkumyan, Hrant"]
[Black "Dobrov, Vladimir"]
[Result "1-0"]
[WhiteTitle "GM"]
[BlackTitle "GM"]
[WhiteElo "2633"]
[BlackElo "2515"]
[WhiteFideId "13302485"]
[BlackFideId "4136594"]
[EventDate "2017.12.26"]

1. d4 Nf6 2. Nf3 d5 3. c4 c6 4. Nc3 e6 5. Bg5 h6 6. Bxf6 Qxf6 7. Qb3 a5 8. a3 a4
9. Qa2 Nd7 10. e3 Qg6 11. Qb1 Qxb1+ 12. Rxb1 Nb6 13. c5 Nd7 14. Bd3 e5 15. Bc2
e4 16. Nd2 b5 17. O-O f5 18. f4 Nf6 19. Na2 g5 20. Nb4 Bd7 21. Bd1 Rg8 22. Ra1
gxf4 23. Rxf4 h5 24. Nf1 Bh6 25. Rf2 h4 26. Kh1 Ke7 27. Rc1 Raf8 28. Rcc2 Ng4
29. Bxg4 fxg4 30. Kg1 g3 31. hxg3 Rxf2 32. Kxf2 hxg3+ 33. Nxg3 Bxe3+ 34. Kxe3
Rxg3+ 35. Kf4 Rg4+ 36. Ke3 Ke6 37. Rf2 Rg3+ 38. Kf4 Rb3 39. Kg5 Ke7 40. Kh4 Re3
41. Nc2 Rd3 42. g4 Rd1 43. Kg5 Rd3 44. Re2 b4 45. axb4 Rb3 46. Ne3 Rxb4 47. Rd2
Rb3 48. Kf4 Kf7 49. g5 Kg7 50. Rh2 Rd3 51. Rh6 Rxd4 52. Rxc6 Bh3 53. Rh6 Bc8 54.
Rc6 Bh3 55. Rh6 Bc8 56. Rd6 Rd2 57. Rxd5 Rxb2 58. Rd8 Bh3 59. Ra8 Rb5 60. Ra7+
Kg6 61. Ra6+ Kg7 62. c6 Rc5 63. Kxe4 Bc8 64. Kd4 Rxg5 65. Rxa4 Be6 66. c7 Kf7
67. Ra7 Bc8 68. Nc4 Kf6 69. Nd6 Rg4+ 70. Kc5 Be6 71. Ra8 Rg1 72. Rf8+ Kg7 73.
Rf4 Rc1+ 74. Nc4 Kg6 75. Kd6 Bc8 76. Rf8 Bh3 77. Rh8 Bf5 78. Ne3 Kg7 79. Rh1
Rxh1 80. Nxf5+ Kf6 81. Ne7 Rh8 82. Kd7 Ra8 83. Nc6 Rh8 84. Ne7 Ra8 85. Kd6 Kf7
86. Nc6 Rc8 87. Kd7 Rxc7+ 88. Kxc7 1-0

[Event "World Rapid 2017"]
[Site "Riyadh KSA"]
[Date "2017.12.26"]
[Round "1.36"]
[White "Dzhumagaliev, Yan"]
[Black "Fedorchuk, Sergey A."]
[Result "0-1"]
[WhiteTitle "FM"]
[BlackTitle "GM"]
[WhiteElo "2400"]
[BlackElo "2648"]
[WhiteFideId "24100110"]
[BlackFideId "14102536"]
[EventDate "2017.12.26"]

1. d4 Nf6 2. c4 e6 3. Nf3 Bb4+ 4. Nbd2 a5 5. a3 Be7 6. e4 d5 7. e5 Nfd7 8. Bd3
c5 9. cxd5 exd5 10. O-O Nc6 11. Re1 Nf8 12. Nf1 Ne6 13. dxc5 Nxc5 14. Ng3 Nxd3
15. Qxd3 O-O 16. Nf5 Bxf5 17. Qxf5 Qc8 18. Qd3 Qe6 19. Be3 h6 20. Rad1 Rfd8 21.
Bb6 Rd7 22. Qb5 a4 23. h3 Ra6 24. Rd2 Bg5 25. Rd3 Bf4 26. Bd4 Ra5 27. Qb6 Bg5
28. Nxg5 hxg5 29. Bc3 Ra8 30. Rg3 d4 31. Bd2 Qd5 32. Rc1 Qxe5 33. Bxg5 f6 34.
Rxc6 bxc6 35. Qxc6 Qd5 36. Qxd5+ Rxd5 37. Bxf6 Ra7 38. Kf1 Kh7 39. Bg5 Rb7 40.
Bd2 Rxb2 41. Ke2 Rb3 42. Bb4 d3+ 43. Kd1 Rb1+ 44. Kd2 Rb2+ 45. Kc1 d2+ 0-1

[Event "World Rapid 2017"]
[Site "Riyadh KSA"]
[Date "2017.12.26"]
[Round "1.37"]
[White "Mamedov, Rauf"]
[Black "Abdyjapar, Asyl"]
[Result "1-0"]
[WhiteTitle "GM"]
[BlackTitle "IM"]
[WhiteElo "2709"]
[BlackElo "2382"]
[WhiteFideId "13401653"]
[BlackFideId "13800337"]
[EventDate "2017.12.26"]

1. e4 c5 2. Nf3 d6 3. Bb5+ Bd7 4. Bxd7+ Qxd7 5. O-O Nc6 6. Qe2 Nf6 7. Rd1 g6 8.
c3 Bg7 9. d4 cxd4 10. cxd4 O-O 11. Nc3 Rac8 12. h3 h6 13. Bf4 g5 14. Bh2 g4 15.
Nh4 gxh3 16. Nf5 d5 17. Nxd5 Nxe4 18. Qg4 Ng5 19. Nxh6+ Bxh6 20. Qxd7 1-0

[Event "World Rapid 2017"]
[Site "Riyadh KSA"]
[Date "2017.12.26"]
[Round "1.38"]
[White "Esipenko, Andrey"]
[Black "Cheparinov, Ivan"]
[Result "0-1"]
[WhiteTitle "FM"]
[BlackTitle "GM"]
[WhiteElo "2564"]
[BlackElo "2710"]
[WhiteFideId "24175439"]
[BlackFideId "2905540"]
[EventDate "2017.12.26"]

1. d4 Nf6 2. c4 e6 3. Nf3 d5 4. Nc3 Be7 5. Bf4 O-O 6. Rc1 c5 7. dxc5 dxc4 8. e3
Bxc5 9. Bxc4 Qxd1+ 10. Rxd1 a6 11. Be2 Nbd7 12. a4 b6 13. Bd6 Bxd6 14. Rxd6 Bb7
15. O-O Rac8 16. Rfd1 Rc7 17. Nd4 h6 18. Nc2 Ra8 19. Nb4 Kf8 20. Bf3 Bxf3 21.
gxf3 g5 22. Kg2 Rb7 23. Nc6 a5 24. f4 Rc8 25. Kf3 gxf4 26. exf4 Ne8 27. Rxd7
Rxd7 28. Rxd7 Rxc6 29. Ne4 Rc4 30. Rd8 Rb4 31. Ra8 Ke7 32. Ra7+ Kf8 33. Ra8 Ke7
34. Ra7+ Kd8 35. Ra8+ Kd7 36. Nc3 Nd6 37. Ra7+ Kc6 38. Ke3 Rxb2 39. Ne2 Rb3+ 40.
Kd2 Rb4 41. f5 exf5 42. Nc3 Rh4 43. Ke3 Rxh2 44. Ne2 Rh3+ 45. f3 Rh4 46. Nc3 Rb4
47. Kd3 Nb7 48. Kc2 Rf4 49. Ra8 Rxf3 50. Nb5 Rf2+ 51. Kc3 Nc5 52. Rc8+ Kd7 53.
Rc7+ Ke6 54. Nd4+ Ke5 55. Rxf7 Ne4+ 56. Kd3 Rd2+ 57. Ke3 Rxd4 0-1

[Event "World Rapid 2017"]
[Site "Riyadh KSA"]
[Date "2017.12.26"]
[Round "1.39"]
[White "Safarli, Eltaj"]
[Black "Christiansen, Johan-Sebastian"]
[Result "1-0"]
[WhiteTitle "GM"]
[BlackTitle "IM"]
[WhiteElo "2639"]
[BlackElo "2495"]
[WhiteFideId "13402129"]
[BlackFideId "1512668"]
[EventDate "2017.12.26"]

1. e4 e5 2. Nf3 Nc6 3. Nc3 Nf6 4. a3 d5 5. Bb5 Nxe4 6. Qe2 Nxc3 7. Qxe5+ Be7 8.
Qxc3 O-O 9. Bxc6 bxc6 10. Qxc6 Rb8 11. O-O d4 12. Qe4 Bf6 13. d3 Re8 14. Qf4 Bb7
15. Qg3 Re2 16. Bf4 Rxc2 17. Rac1 Rxc1 18. Rxc1 Bxf3 19. Qxf3 Rxb2 20. g3 h6 21.
Rxc7 Qe8 22. Rxa7 Qe1+ 23. Kg2 Rb1 24. Qa8+ Kh7 25. Qe4+ Qxe4+ 26. dxe4 g5 27.
Bd2 Kg6 28. Rd7 Rb2 29. Bb4 Re2 30. Kf3 Rb2 31. Rd5 g4+ 32. Kxg4 Rxf2 33. h4 Re2
34. Kf3 Re3+ 35. Kf4 h5 36. Bf8 Re1 37. e5 Rf1+ 38. Ke4 Re1+ 39. Kxd4 Bd8 40.
Bb4 Bb6+ 41. Kd3 Rd1+ 42. Ke4 1-0

[Event "World Rapid 2017"]
[Site "Riyadh KSA"]
[Date "2017.12.26"]
[Round "1.40"]
[White "Al-Saffar, Araz Basim Mohammed S"]
[Black "Nguyen, Ngoc Truong Son"]
[Result "1/2-1/2"]
[WhiteTitle "IM"]
[BlackTitle "GM"]
[WhiteElo "2368"]
[BlackElo "2630"]
[WhiteFideId "4801040"]
[BlackFideId "12401110"]
[EventDate "2017.12.26"]

1. d4 d5 2. c4 dxc4 3. Nf3 Nf6 4. e3 e6 5. Bxc4 c5 6. O-O a6 7. dxc5 Qxd1 8.
Rxd1 Bxc5 9. a3 b5 10. Be2 Bb7 11. b4 Be7 12. Bb2 Nbd7 13. Nbd2 O-O 14. Rac1
Rac8 15. Nb3 Nb6 16. Ne5 Na4 17. Bd4 Rxc1 18. Rxc1 Bd6 19. f3 Rc8 20. Rxc8+ Bxc8
21. Kf2 Nd5 22. Nc5 Nac3 23. e4 Nxe2 24. Kxe2 Nf4+ 25. Kf1 f6 26. Nc6 e5 27. Be3
Kf7 28. Na7 Be6 29. Nxa6 Bc4+ 30. Kg1 Ne2+ 31. Kf2 Nd4 32. Nc8 Bf8 33. Nb6 Bd3
34. Nc5 Bxc5 35. bxc5 Nc6 36. Ke1 g6 37. g3 f5 38. exf5 Bxf5 39. Nd5 h5 40. Kd2
Be6 41. Nc3 Bc4 42. Ne4 Ke6 43. Nc3 b4 44. axb4 Nxb4 45. f4 exf4 46. Bxf4 Ba6
47. Bd6 Bb7 48. Ke3 Nd5+ 49. Nxd5 Bxd5 50. Kf4 Bc6 1/2-1/2

[Event "World Rapid 2017"]
[Site "Riyadh KSA"]
[Date "2017.12.26"]
[Round "1.41"]
[White "Khismatullin, Denis"]
[Black "El Adnani, Mokliss"]
[Result "1-0"]
[WhiteTitle "GM"]
[BlackTitle "IM"]
[WhiteElo "2632"]
[BlackElo "2448"]
[WhiteFideId "4142578"]
[BlackFideId "9000410"]
[EventDate "2017.12.26"]

1. c4 Nf6 2. Nc3 g6 3. e4 d6 4. d4 Bg7 5. Be2 O-O 6. Bg5 h6 7. Be3 e5 8. d5 a5
9. Qd2 Kh7 10. h4 Na6 11. h5 g5 12. f3 c6 13. g4 cxd5 14. cxd5 Nd7 15. Bc4 Nac5
16. Nge2 Nb6 17. Bb5 Bd7 18. Bxc5 dxc5 19. a4 Nc8 20. Bxd7 Qxd7 21. Nb5 Ra6 22.
Ng3 Nd6 23. Nxd6 Qxd6 24. Nf5 Qb6 25. Ke2 Rc8 26. Rhc1 Bf8 27. Ne3 c4 28. Rxc4
Qxe3+ 29. Qxe3 Rxc4 30. Rc1 Rb4 31. b3 Bd6 32. Rc4 Rab6 33. Rxb4 Rxb4 34. Qc3
Kg7 35. Kd1 Rd4+ 36. Kc2 Bb4 37. Qc7 Kf6 38. Qd8+ Kg7 39. Qb8 Kf6 40. Qh8+ 1-0

[Event "World Rapid 2017"]
[Site "Riyadh KSA"]
[Date "2017.12.26"]
[Round "1.42"]
[White "Tissir, Mohamed"]
[Black "Artemiev, Vladislav"]
[Result "0-1"]
[WhiteTitle "IM"]
[BlackTitle "GM"]
[WhiteElo "2381"]
[BlackElo "2691"]
[WhiteFideId "9000240"]
[BlackFideId "24101605"]
[EventDate "2017.12.26"]

1. e4 c6 2. d4 d5 3. Nc3 dxe4 4. Nxe4 Nf6 5. Nxf6+ exf6 6. c3 Bd6 7. Bd3 O-O 8.
Ne2 Re8 9. O-O Qc7 10. Ng3 Nd7 11. Qh5 Nf8 12. Ne4 Be7 13. Qf3 f5 14. Ng3 g6 15.
Re1 Be6 16. Bh6 Bd5 17. Qd1 f4 18. Ne4 Ne6 19. c4 Bxe4 20. Bxe4 Bg5 21. Bxg5
Nxg5 22. Bc2 f3 23. Qd2 h6 24. h4 Qd7 25. Qf4 Ne6 26. Qxf3 Nxd4 27. Qd3 Qg4 28.
Rxe8+ Rxe8 29. Rd1 Ne2+ 30. Kf1 Nf4 31. Qf3 Qxh4 32. g3 Qh3+ 0-1

[Event "World Rapid 2017"]
[Site "Riyadh KSA"]
[Date "2017.12.26"]
[Round "1.43"]
[White "Harikrishna, Pentala"]
[Black "Khader, Sami"]
[Result "1-0"]
[WhiteTitle "GM"]
[BlackTitle "IM"]
[WhiteElo "2744"]
[BlackElo "2392"]
[WhiteFideId "5007003"]
[BlackFideId "8100500"]
[EventDate "2017.12.26"]

1. e4 e5 2. Nf3 Nc6 3. Bb5 f5 4. d3 fxe4 5. dxe4 Nf6 6. O-O d6 7. Qd3 Be7 8. Nc3
O-O 9. Bc4+ Kh8 10. Ng5 Qe8 11. Ne6 Bxe6 12. Bxe6 Bd8 13. Bh3 Nh5 14. g3 Qg6 15.
Bf5 Qf7 16. Be3 Nf6 17. Kg2 Qh5 18. Qd1 Qf7 19. Bh3 Qc4 20. Qd3 Qxd3 21. cxd3
Nb4 22. Rad1 Nc2 23. Bd2 c6 24. Ne2 Bb6 25. Rc1 Nd4 26. Nc3 Rad8 27. f4 h6 28.
Be3 Nd7 29. Na4 Nc5 30. Nxc5 Bxc5 31. fxe5 Rxf1 32. Kxf1 Rf8+ 33. Kg2 Ne2 34.
Rxc5 dxc5 35. Bd7 Nd4 1-0

[Event "World Rapid 2017"]
[Site "Riyadh KSA"]
[Date "2017.12.26"]
[Round "1.44"]
[White "Saeed, Ishaq"]
[Black "Movsesian, Sergei"]
[Result "0-1"]
[WhiteTitle "FM"]
[BlackTitle "GM"]
[WhiteElo "2434"]
[BlackElo "2647"]
[WhiteFideId "9301453"]
[BlackFideId "310204"]
[EventDate "2017.12.26"]

1. d4 Nf6 2. c4 d6 3. Nc3 Nbd7 4. Nf3 g6 5. g3 Bg7 6. Bg2 O-O 7. O-O c6 8. b3
Re8 9. Bb2 e5 10. dxe5 dxe5 11. e3 e4 12. Nd2 Nc5 13. Ba3 Qa5 14. Bxc5 Qxc5 15.
Ndxe4 Nxe4 16. Nxe4 Qa5 17. a3 Rd8 18. Qe1 Qe5 19. Ra2 Bf5 20. f4 Qc7 21. Nc5
Re8 22. Qf2 Rad8 23. Kh1 Qe7 24. b4 b6 25. e4 Bg4 26. Nb3 Rd3 27. Nc1 Bd4 28.
Qc2 Rc3 29. Qd2 Rd8 30. Ne2 Bg7 31. Qe1 Rxc4 32. e5 c5 33. b5 Qd7 34. Nc3 Qd3
35. Ne4 Rcd4 36. Nf6+ Bxf6 37. exf6 Qxb5 38. Qe5 Bf3 39. Bxf3 Qxf1# 0-1

[Event "World Rapid 2017"]
[Site "Riyadh KSA"]
[Date "2017.12.26"]
[Round "1.45"]
[White "Savchenko, Boris"]
[Black "Omar, Noaman"]
[Result "1-0"]
[WhiteTitle "GM"]
[BlackTitle "IM"]
[WhiteElo "2566"]
[BlackElo "2364"]
[WhiteFideId "4147332"]
[BlackFideId "9300244"]
[EventDate "2017.12.26"]

1. e4 c6 2. d4 d5 3. Nc3 dxe4 4. Nxe4 Bf5 5. Ng3 Bg6 6. h4 h6 7. Nf3 Nd7 8. h5
Bh7 9. Bd3 Bxd3 10. Qxd3 e6 11. Bd2 Ngf6 12. O-O-O Qc7 13. Kb1 O-O-O 14. Qe2 Bd6
15. Ne4 Nxe4 16. Qxe4 c5 17. dxc5 Nxc5 18. Qe2 Rhe8 19. Rh4 Be7 20. Rc4 b5 21.
Rc3 Bf6 22. Bf4 Rxd1+ 23. Qxd1 Rd8 24. Qe2 Qc6 25. Ne5 Bxe5 26. Qxe5 Rd1+ 27.
Bc1 Rd5 28. Qxg7 b4 29. Rc4 Qb5 30. b3 Kb7 31. Qxf7+ Rd7 32. Rxc5 1-0